[Event "C.to Italiano U16"]
[Site "Porretta Terme ITA"]
[Date "2011.07.08"]
[Round "8"]
[White "De Filomeno, Simone"]
[Black "Boscolo, Federico"]
[Result "1-0"]
[WhiteElo "2300"]
[BlackElo "2210"]
[PlyCount "51"]
[EventDate "2011.07.03"]

1. e4 c5 2. Nf3 d6 3. d4 cxd4 4. Qxd4 a6 5. Bg5 Nc6 6. Qd2 Nf6 7. Bd3 e6 8. c4
Be7 9. Nc3 O-O 10. O-O Nd7 11. Bxe7 Qxe7 12. Be2 Nde5 13. Nd4 Nxd4 14. Qxd4 Nc6
15. Qd2 e5 16. Nd5 Qh4 17. f4 Nd4 18. f5 Qxe4 19. Bd3 Qh4 20. Qb4 Bxf5 21. Rxf5
Nxf5 22. Bxf5 b5 23. Rd1 g6 24. Bd7 Rac8 25. Qxd6 Rxc4 26. Qxe5 1-0

[Event "C.to Italiano U16"]
[Site "Porretta Terme ITA"]
[Date "2011.07.08"]
[Round "8"]
[White "Paltrinieri, Nicholas"]
[Black "Baroni, Alessandro"]
[Result "1/2-1/2"]
[WhiteElo "2116"]
[BlackElo "1881"]
[PlyCount "140"]
[EventDate "2011.07.03"]

1. f4 d5 2. Nf3 g6 3. e3 Bg7 4. Be2 Nf6 5. O-O O-O 6. d3 c5 7. a4 Nc6 8. Qe1 b6
9. Na3 Bb7 10. Rb1 Re8 11. Ne5 Nd7 12. Qf2 f5 13. d4 Nf6 14. c3 Ne4 15. Qe1 c4
16. b3 cxb3 17. Rxb3 Bxe5 18. fxe5 Na5 19. Rb4 Rc8 20. Bd2 Qd7 21. c4 Nxc4 22.
Nxc4 dxc4 23. Bxc4+ Rxc4 24. Rxc4 Ba6 25. Rb4 Bxf1 26. Kxf1 Rc8 27. Qd1 Qc6 28.
Be1 Nc3 29. Qb3+ Nd5 30. a5 e6 31. Ra4 Nxe3+ 32. Ke2 Nd5 33. Bd2 b5 34. Ra1
Qc4+ 35. Qd3 Qxd3+ 36. Kxd3 a6 37. h4 Rc4 38. h5 Ne7 39. hxg6 Nxg6 40. Rf1 Ne7
41. Rf3 Nc6 42. Rg3+ Kf7 43. Bc3 Nb4+ 44. Kd2 Nd5 45. Bb2 Ra4 46. Rh3 Kg7 47.
Rg3+ Kh8 48. Rh3 Nf4 49. Rf3 Ra2 50. Kc1 Nd5 51. Rh3 Nc7 52. Rc3 Nd5 53. Rh3
Rxa5 54. Rh6 Nc7 55. d5 Nxd5 56. Rxe6 Kg7 57. Rd6 b4 58. Rd7+ Kf8 59. e6 Nc3
60. Rxh7 Re5 61. Rf7+ Ke8 62. Bxc3 bxc3 63. Kc2 Rc5 64. Ra7 a5 65. Rf7 a4 66.
Ra7 Rc4 67. Rf7 Re4 68. Kxc3 Rg4 69. Rxf5 Rxg2 70. Ra5 Re2 1/2-1/2

[Event "C.to Italiano U16"]
[Site "Porretta Terme ITA"]
[Date "2011.07.08"]
[Round "8"]
[White "Spornberger, Maximilian"]
[Black "Altini, Nicola"]
[Result "1-0"]
[WhiteElo "2155"]
[BlackElo "2267"]
[PlyCount "59"]
[EventDate "2011.07.03"]

1. e4 c5 2. Nc3 Nc6 3. f4 g6 4. Nf3 Bg7 5. Bb5 Nd4 6. O-O Nxb5 7. Nxb5 d5 8.
exd5 a6 9. Nc3 Nf6 10. d4 c4 11. Qe2 Nxd5 12. Qxc4 Be6 13. Qe2 Rc8 14. Nxd5
Bxd5 15. Rd1 Qd7 16. c3 h5 17. Re1 h4 18. h3 Bf6 19. Ne5 Bxe5 20. Qxe5 Rh5 21.
Qg7 Qc6 22. b3 Kd7 23. Ba3 Kc7 24. c4 Be4 25. Qxf7 Bf5 26. Rxe7+ Kb8 27. d5
Qb6+ 28. c5 Qb5 29. Kh2 Ka8 30. c6 1-0